| 000 | 00476nam a2200157Ia 4500 | ||
|---|---|---|---|
| 003 | Ost | ||
| 005 | 20260507075702.0 | ||
| 008 | 260507s9999||||xx |||||||||||||| ||und|| | ||
| 040 | _cfsecg | ||
| 041 | _aara | ||
| 100 |
_aالجزيري، خيري علي _eمؤلف |
||
| 245 | 0 |
_aنظم المعلومات الانتاجية / _c خيري علي الجزيري |
|
| 260 |
_aالقاهرة: _bجامعة القاهرة, _c1993 |
||
| 300 | _a272 صفحة؛ | ||
| 942 | _cكتاب | ||
| 999 |
_c45854 _d45854 |
||